000 01873nam0a2200313 i 4500
001 RU\NLR\bibl\2017912
005 20240921190101.0
010 _a9785904846107
_94000
021 _aRU
_b2013-18164
_91273
035 _a(NLR Aleph) 002006277
090 _a4427127
_c4427127
100 _a20130329d2012 k y0rusy50 ca
101 0 _arus
102 _aRU
105 _aac |||||||||
200 1 _aАдминистративно-правовое обеспечение органами внутренних дел правопорядка и общественной безопасности в период подготовки и проведения избирательных кампаний (на примере выборов депутатов Государственной Думы Федерального Собрания Российской Федерации шестого созыва (декабрь 2011 г.) и выборов Президента России (март 2012 г.)
_eмонография
_fЧистобородов И.Г.
210 _aМосква
_aИваново
_cФилиал РГТУ в г. Иваново
_d2012
215 _a259 с.
_cил., портр.
_d22
320 _aБиблиогр.: с. 221-237 (168 назв.)
606 1 _aОбщественный порядок
_xОхрана
_xАдминистративные меры
_yРоссийская Федерация
_92133714
_3RU\NLR\auth\661286917
606 1 _aИзбирательные кампании
_xПроведение
_yРоссийская Федерация
_92214468
_3RU\NLR\auth\661330112
686 _aФ3(2)68
686 _aХ620.5
700 1 _aЧистобородов
_bИ. Г.
_gИлья Григорьевич
_4070
801 0 _aRU
_bNLR
_c20130329
_gRCR
801 1 _aRU
_bNLR
_c20130329
942 _cBOOK
980 _aNBR